[Event "Copenhagen Chess Challenge 2014"]
[Site "Ballerup"]
[Date "2014.05.18"]
[Round "8"]
[White "Subramanian, Aditya"]
[Black "Quernheim, Daniel"]
[Result "1-0"]
[WhiteElo "1845"]
[BlackElo "2032"]
[PlyCount "97"]
[EventDate "2014.??.??"]
[EventType "swiss"]
[EventRounds "9"]
[EventCountry "DEN"]

1. d4 d5 2. Nf3 c6 3. e3 e6 4. b3 Bd6 5. Bb2 f5 6. Bd3 Nf6 7. O-O Qe7 8. c4 O-O
9. Nbd2 Ne4 10. Qe2 Rf6 11. Ne5 Rh6 12. Bxe4 Qh4 13. Ndf3 Qxe4 14. g3 Bxe5 15.
Nxe5 f4 16. f3 Qxe3+ 17. Qxe3 fxe3 18. c5 Nd7 19. Nxd7 Bxd7 20. Rfe1 Rf6 21.
Rxe3 Raf8 22. Kg2 R8f7 23. Rae1 Rf8 24. b4 Re8 25. Ra3 a6 26. Bc1 Kf8 27. Bf4
Kg8 28. Bd6 Rf7 29. Rae3 Rf6 30. Kf2 Ra8 31. R1e2 Kf7 32. Ke1 Rg8 33. Kd2 Ke8
34. Kc3 Kd8 35. Kb3 Kc8 36. Ka4 Re8 37. Ka5 Rf7 38. Kb6 Rf6 39. h4 Rg8 40. f4
h5 41. Re5 g6 42. a4 Re8 43. R5e3 Rg8 44. Ra2 Re8 45. Rb3 Rf5 46. b5 cxb5 47.
axb5 Bxb5 48. Rxb5 axb5 49. c6 1-0

[Event "Copenhagen Chess Challenge 2014"]
[Site "Ballerup"]
[Date "2014.05.18"]
[Round "8"]
[White "Sylvan, Jacob"]
[Black "de Blecourt Dalsberg, Sandra"]
[Result "1-0"]
[WhiteElo "2348"]
[BlackElo "2121"]
[PlyCount "75"]
[EventDate "2014.??.??"]
[EventType "swiss"]
[EventRounds "9"]
[EventCountry "DEN"]

1. Nf3 d5 2. c4 c6 3. g3 Nf6 4. Bg2 Bg4 5. cxd5 cxd5 6. Ne5 Bf5 7. Nc3 Nc6 8.
Nxc6 bxc6 9. O-O e6 10. d3 Bd6 11. Qa4 Qd7 12. e4 Bg6 13. f4 Bc5+ 14. d4 Bb6
15. e5 Ne4 16. Nxe4 Bxe4 17. Be3 O-O 18. Rfc1 Rac8 19. Rc3 Bxg2 20. Kxg2 f6 21.
exf6 gxf6 22. Rac1 e5 23. dxe5 d4 24. Qc4+ Kh8 25. Rd3 fxe5 26. fxe5 c5 27. Bg5
h6 28. Bf6+ Kh7 29. Rf3 Qg4 30. Rcf1 Rce8 31. Rf4 Qg6 32. h3 h5 33. Rf5 Bd8 34.
Qxc5 Bxf6 35. exf6 Re2+ 36. R1f2 Rxf2+ 37. Kxf2 Rxf6 38. Qe7+ 1-0

[Event "Copenhagen Chess Challenge 2014"]
[Site "Ballerup"]
[Date "2014.05.18"]
[Round "8"]
[White "Tangelder, Yonne"]
[Black "Slettebo, Jan"]
[Result "0-1"]
[WhiteElo "1800"]
[BlackElo "2040"]
[PlyCount "100"]
[EventDate "2014.??.??"]
[EventType "swiss"]
[EventRounds "9"]
[EventCountry "DEN"]

1. e4 e5 2. d4 exd4 3. Qxd4 Nc6 4. Qe3 Nf6 5. Nc3 Bb4 6. Bd2 O-O 7. O-O-O Re8
8. Qg3 Rxe4 9. a3 Bxc3 10. Bxc3 d6 11. f3 Nh5 12. Qf2 Re8 13. h4 Ne5 14. Nh3
Bxh3 15. Rxh3 Qf6 16. g3 Qe6 17. Rh1 Qa2 18. g4 Nf4 19. Qg3 Nc4 20. Bxc4 Qxc4
21. Kb1 Ne2 22. Qe1 Nxc3+ 23. Qxc3 Qxc3 24. bxc3 Re2 25. Rhe1 Rae8 26. Rxe2
Rxe2 27. Rd4 Kf8 28. Rc4 Re7 29. Ra4 a6 30. Rb4 b6 31. Kb2 Ke8 32. Kb3 Kd7 33.
g5 d5 34. Rf4 Ke6 35. c4 Ke5 36. Rg4 Rd7 37. cxd5 Rxd5 38. Re4+ Kd6 39. Rf4 Ke6
40. Re4+ Re5 41. Rc4 c5 42. Ra4 a5 43. Re4 Rxe4 44. fxe4 b5 45. a4 bxa4+ 46.
Kxa4 Ke5 47. Kb5 a4 48. Kxa4 Kxe4 49. Kb5 Kd5 50. Kb6 f5 0-1

[Event "Copenhagen Chess Challenge 2014"]
[Site "Ballerup"]
[Date "2014.05.18"]
[Round "8"]
[White "Thorfinnsson, Bragi"]
[Black "Englert, Fabian"]
[Result "1/2-1/2"]
[WhiteElo "2459"]
[BlackElo "2310"]
[PlyCount "102"]
[EventDate "2014.??.??"]
[EventType "swiss"]
[EventRounds "9"]
[EventCountry "DEN"]

1. d4 d5 2. c4 dxc4 3. Nf3 c6 4. Qc2 b5 5. e4 e6 6. b3 cxb3 7. axb3 Bb7 8. Bd3
Nf6 9. O-O Be7 10. Bd2 a5 11. Rd1 h6 12. Qc1 Nbd7 13. Nc3 Qb6 14. h3 g5 15. Be3
g4 16. Ne5 gxh3 17. g3 Qd8 18. Be2 Rc8 19. Nxd7 Nxd7 20. Bxh6 h2+ 21. Kg2 b4
22. Na4 c5 23. d5 exd5 24. exd5 h1=Q+ 25. Rxh1 Bxd5+ 26. f3 Rc6 27. Bf4 Rg8 28.
Bb5 Qa8 29. Bxc6 Qxc6 30. Qe3 Nf8 31. Nb2 Ne6 32. Nd3 Nd4 33. Rhe1 Qe6 34. Qe5
Qxe5 35. Rxe5 Bxf3+ 36. Kf2 f6 37. Re3 Nc2 38. Rxe7+ Kxe7 39. Rxa5 Nd4 40. Rxc5
Bg4 41. Rc4 Nxb3 42. Rxb4 Na5 43. Nc5 Kf7 44. Ne4 Ra8 45. Nd6+ Kg6 46. Ra4 Bd7
47. Ra3 Bc6 48. g4 Bd5 49. Rh3 Be6 50. Ra3 Bd5 51. Ke3 Nb3 1/2-1/2

[Event "Copenhagen Chess Challenge 2014"]
[Site "Ballerup"]
[Date "2014.05.18"]
[Round "8"]
[White "Thorhallsson, Throstur"]
[Black "Brondt, Nicolai Kvist"]
[Result "1/2-1/2"]
[WhiteElo "2437"]
[BlackElo "2200"]
[PlyCount "88"]
[EventDate "2014.??.??"]
[EventType "swiss"]
[EventRounds "9"]
[EventCountry "DEN"]

1. e4 c6 2. c4 d5 3. exd5 cxd5 4. cxd5 Nf6 5. Nc3 Nxd5 6. Nf3 e6 7. Bc4 Be7 8.
O-O O-O 9. d4 Nc6 10. Re1 Nxc3 11. bxc3 b6 12. Qe2 Bb7 13. Bd3 Qc7 14. Qe4 g6
15. Qg4 Bf6 16. Bf4 Qd7 17. h4 h5 18. Qg3 Bg7 19. Rad1 Rad8 20. Bc2 Ne7 21. Ne5
Qc8 22. Bg5 Rde8 23. Bc1 Rd8 24. Ba3 Rfe8 25. Ba4 Nc6 26. Nf3 a6 27. Bd6 b5 28.
Bc2 Qd7 29. Bf4 Ne7 30. Ne5 Qc8 31. Bg5 Rd5 32. Bf4 Rdd8 33. Rd2 Nd5 34. Nxf7
Nxf4 35. Nxd8 Nxg2 36. Nxb7 Nxe1 37. Nd6 Qc7 38. Qxg6 Nf3+ 39. Kh1 Qxd6 40.
Qxe8+ Bf8 41. Qg6+ Bg7 42. Qe8+ Bf8 43. Qg6+ Bg7 44. Qe8+ Bf8 1/2-1/2

[Event "Copenhagen Chess Challenge 2014"]
[Site "Ballerup"]
[Date "2014.05.18"]
[Round "8"]
[White "Thuesen, Mogens Henrik"]
[Black "Bjerre, Tavs"]
[Result "0-1"]
[WhiteElo "2235"]
[BlackElo "2067"]
[PlyCount "62"]
[EventDate "2014.??.??"]
[EventType "swiss"]
[EventRounds "9"]
[EventCountry "DEN"]

1. e4 c5 2. Nc3 Nc6 3. Bb5 Nd4 4. Bc4 e6 5. Nf3 a6 6. d3 b5 7. Bb3 Nxb3 8. axb3
Bb7 9. O-O Nf6 10. Bg5 Qc7 11. Re1 d6 12. Bxf6 gxf6 13. d4 cxd4 14. Nxd4 Qc5
15. Re3 Rg8 16. Rh3 f5 17. Rxh7 Bg7 18. Nde2 fxe4 19. Ng3 e3 20. Nce4 exf2+ 21.
Kf1 Qd5 22. Nxd6+ Ke7 23. Nxb7 Qxb7 24. Qh5 Rad8 25. Qc5+ Ke8 26. Qg5 Qe7 27.
Qxe7+ Kxe7 28. Rxa6 Bd4 29. Ra1 Bb6 30. Ke2 Rd5 31. Rh5 Rxg3 0-1

[Event "Copenhagen Chess Challenge 2014"]
[Site "Ballerup"]
[Date "2014.05.18"]
[Round "8"]
[White "Westerinen, Heikki"]
[Black "Hoi, Carsten"]
[Result "1/2-1/2"]
[WhiteElo "2299"]
[BlackElo "2397"]
[PlyCount "27"]
[EventDate "2014.??.??"]
[EventType "swiss"]
[EventRounds "9"]
[EventCountry "DEN"]

1. e4 g6 2. d4 Bg7 3. Nf3 d6 4. Be2 Nf6 5. Nc3 O-O 6. O-O Bg4 7. h3 Bxf3 8.
Bxf3 Nc6 9. Be3 e5 10. dxe5 Nxe5 11. Be2 Re8 12. Qd2 Ned7 13. Bf3 Ne5 14. Be2
1/2-1/2

[Event "Copenhagen Chess Challenge 2014"]
[Site "Ballerup"]
[Date "2014.05.18"]
[Round "9"]
[White "Bjerre, Jonas Buhl"]
[Black "Jorgensen, Dennis"]
[Result "1/2-1/2"]
[WhiteElo "1961"]
[BlackElo "2231"]
[PlyCount "42"]
[EventDate "2014.??.??"]
[EventType "swiss"]
[EventRounds "9"]
[EventCountry "DEN"]

1. e4 c6 2. d4 d5 3. Nc3 dxe4 4. Nxe4 Bf5 5. Ng3 Bg6 6. h4 h6 7. h5 Bh7 8. Nf3
Nd7 9. Bd3 Bxd3 10. Qxd3 e6 11. Bf4 Qa5+ 12. Bd2 Bb4 13. c3 Be7 14. c4 Qc7 15.
O-O-O Ngf6 16. Ne4 b5 17. Nxf6+ Nxf6 18. Kb1 O-O 19. Ne5 Qb7 20. Qf3 Rac8 21.
Rc1 Qb6 1/2-1/2

[Event "Copenhagen Chess Challenge 2014"]
[Site "Ballerup"]
[Date "2014.05.18"]
[Round "9"]
[White "Brondal, Paul"]
[Black "Jensen, Morten Frank"]
[Result "1/2-1/2"]
[WhiteElo "2078"]
[BlackElo "2005"]
[PlyCount "83"]
[EventDate "2014.??.??"]
[EventType "swiss"]
[EventRounds "9"]
[EventCountry "DEN"]

1. b3 g6 2. Bb2 Nf6 3. Bxf6 exf6 4. c4 Bg7 5. Nc3 O-O 6. g3 d6 7. Bg2 Nc6 8. e3
Re8 9. Nge2 Bg4 10. h3 Bf5 11. d4 Rb8 12. O-O Qc8 13. Kh2 Bd7 14. a3 Nd8 15. d5
b6 16. Nd4 a6 17. Qd3 Nb7 18. b4 Ra8 19. Rfc1 Ra7 20. h4 f5 21. Nce2 Qa8 22.
Rab1 Re7 23. Rb3 Qe8 24. Bh3 Nd8 25. c5 bxc5 26. bxc5 dxc5 27. Rxc5 Be5 28. Qb1
Bd6 29. Rcc3 Qf8 30. Bg2 Re8 31. Nc6 Bxc6 32. dxc6 Qe7 33. Kg1 Ra8 34. Nd4 Ne6
35. Nxe6 fxe6 36. a4 a5 37. Rb7 Bb4 38. Rd3 Rad8 39. Qf1 Rxd3 40. Qxd3 Rd8 41.
Qb5 Qd6 42. Rb8 1/2-1/2

[Event "Copenhagen Chess Challenge 2014"]
[Site "Ballerup"]
[Date "2014.05.18"]
[Round "9"]
[White "Christensen, Tobias"]
[Black "Ochsner, Bjorn Moller"]
[Result "1-0"]
[WhiteElo "2368"]
[BlackElo "2307"]
[PlyCount "113"]
[EventDate "2014.??.??"]
[EventType "swiss"]
[EventRounds "9"]
[EventCountry "DEN"]

1. c4 g6 2. Nc3 Bg7 3. Nf3 c5 4. g3 Nc6 5. Bg2 e6 6. e4 Nge7 7. O-O O-O 8. d3
a6 9. Bg5 h6 10. Bd2 Rb8 11. Qc1 Kh7 12. e5 d5 13. exd6 Nf5 14. Ne4 b6 15. Bc3
e5 16. Re1 Nxd6 17. Nfg5+ Kg8 18. Nxd6 Qxd6 19. Ne4 Qc7 20. Bd2 Kh7 21. Nc3 Nb4
22. Nd5 Nxd5 23. cxd5 Bb7 24. d4 exd4 25. Bf4 Qd7 26. Bxb8 Rxb8 27. Qc4 Qd6 28.
b4 Rc8 29. Rab1 b5 30. bxc5 Rxc5 31. Qb3 Bxd5 32. Bxd5 Qxd5 33. Qxd5 Rxd5 34.
Red1 a5 35. Kf1 g5 36. h3 Kg6 37. g4 Kf6 38. Ke2 Ke5 39. f4+ gxf4 40. Kf3 Kd6
41. Kxf4 Bf6 42. Ke4 Ke6 43. Rbc1 Rd6 44. Rc5 Rb6 45. Rb1 Rd6 46. Kd3 a4 47.
Rcxb5 Be5 48. Rb6 f5 49. Rxd6+ Bxd6 50. Kxd4 fxg4 51. hxg4 Kf7 52. Rb6 Bf8 53.
Ke5 Kg7 54. Kf5 Kh7 55. Rb7+ Kh8 56. Kg6 a3 57. Rb8 1-0

[Event "Copenhagen Chess Challenge 2014"]
[Site "Ballerup"]
[Date "2014.05.18"]
[Round "9"]
[White "de Blecourt Dalsberg, Sandra"]
[Black "Andersen, Kim Nyvang"]
[Result "1-0"]
[WhiteElo "2121"]
[BlackElo "2039"]
[PlyCount "49"]
[EventDate "2014.??.??"]
[EventType "swiss"]
[EventRounds "9"]
[EventCountry "DEN"]

1. d4 Nf6 2. c4 e6 3. Nc3 Bb4 4. e3 O-O 5. Nge2 d5 6. a3 Bd6 7. Ng3 c6 8. Be2
Nbd7 9. O-O Re8 10. Qc2 dxc4 11. Bxc4 Bxg3 12. hxg3 e5 13. Rd1 exd4 14. Rxd4
Qe7 15. Bd2 Ne5 16. Be2 Neg4 17. Bf3 Qe5 18. Ne4 Bf5 19. Nxf6+ Nxf6 20. Qb3 Qe7
21. Rd1 Ne4 22. Bxe4 Bxe4 23. Bb4 c5 24. Rd7 Qf8 25. Bxc5 1-0

[Event "Copenhagen Chess Challenge 2014"]
[Site "Ballerup"]
[Date "2014.05.18"]
[Round "9"]
[White "Hector, Jonny"]
[Black "Pedersen, Daniel V"]
[Result "1-0"]
[WhiteElo "2511"]
[BlackElo "2244"]
[PlyCount "57"]
[EventDate "2014.??.??"]
[EventType "swiss"]
[EventRounds "9"]
[EventCountry "DEN"]

1. e4 e5 2. Nf3 Nc6 3. Bc4 Nf6 4. d3 Bc5 5. c3 a6 6. Bb3 d6 7. O-O h6 8. Be3
Bxe3 9. fxe3 O-O 10. Nbd2 Nh7 11. d4 Qe7 12. Qe1 Na5 13. Bc2 c5 14. b4 cxb4 15.
cxb4 Nc6 16. Nc4 Qc7 17. Rc1 Bg4 18. Bb3 Bxf3 19. gxf3 exd4 20. Kh1 Rac8 21.
Rg1 dxe3 22. Qg3 Ng5 23. Nxd6 Rcd8 24. Nxf7 Qxg3 25. Nxg5+ Kh8 26. Rxg3 Nd4 27.
Nf7+ Rxf7 28. Bxf7 Ne2 29. Re1 1-0

[Event "Copenhagen Chess Challenge 2014"]
[Site "Ballerup"]
[Date "2014.05.18"]
[Round "9"]
[White "Karlsson, Anders"]
[Black "Nielsen, Thomas (1975)"]
[Result "1-0"]
[WhiteElo "1915"]
[BlackElo "1912"]
[PlyCount "121"]
[EventDate "2014.??.??"]
[EventType "swiss"]
[EventRounds "9"]
[EventCountry "DEN"]

1. e4 c6 2. d4 d5 3. Nc3 dxe4 4. Nxe4 Bf5 5. Ng3 Bg6 6. Nf3 Nd7 7. h4 h6 8. Bd3
Bxd3 9. Qxd3 e6 10. Bf4 Qa5+ 11. c3 Ngf6 12. b4 Qb5 13. Qxb5 cxb5 14. a4 bxa4
15. Rxa4 Nd5 16. Bd2 N7b6 17. Ra1 Nc4 18. Ne4 Be7 19. Ne5 Ndb6 20. Nxc4 Nxc4
21. Bf4 b6 22. Nd2 Nxd2 23. Kxd2 Kd7 24. Kd3 Rhc8 25. b5 Bd6 26. Bxd6 Kxd6 27.
f4 Rc7 28. c4 Rd8 29. Ra6 Ke7 30. Rha1 Rdd7 31. g4 Kf6 32. R6a4 Ke7 33. Re1 Rc8
34. Rea1 Rcc7 35. Ke4 Kf6 36. Rc1 Rc8 37. c5 bxc5 38. dxc5 Rb7 39. Ra5 Rbc7 40.
c6 Rb8 41. Rc5 Rd8 42. Ra3 Ke7 43. Rc4 Rb8 44. Rb3 Rb6 45. Kd4 Kd6 46. Ra4
Rcxc6 47. Rxa7 Rc7 48. Rxc7 Kxc7 49. Kc5 Rb8 50. b6+ Kb7 51. Rd3 Rc8+ 52. Kb5
Rc1 53. Rd7+ Kc8 54. Rxf7 Rb1+ 55. Kc6 Rc1+ 56. Kd6 g5 57. b7+ Kb8 58. fxg5
hxg5 59. hxg5 Rc4 60. g6 Rxg4 61. g7 1-0

[Event "Copenhagen Chess Challenge 2014"]
[Site "Ballerup"]
[Date "2014.05.18"]
[Round "9"]
[White "Larsen, Preben R"]
[Black "Frank Nielsen, Marie"]
[Result "1-0"]
[WhiteElo "1808"]
[BlackElo "1992"]
[PlyCount "101"]
[EventDate "2014.??.??"]
[EventType "swiss"]
[EventRounds "9"]
[EventCountry "DEN"]

1. c4 c5 2. Nc3 Nc6 3. Nf3 d6 4. d4 cxd4 5. Nxd4 Nf6 6. e3 g6 7. Be2 Bg7 8. Rb1
O-O 9. b4 Re8 10. O-O Bd7 11. Bf3 Qc8 12. Qb3 Nxd4 13. exd4 Bf5 14. Rb2 Bd3 15.
Be2 Bxe2 16. Rxe2 b6 17. Rfe1 Qd7 18. Bg5 e6 19. h3 Rec8 20. Be3 Ne8 21. d5 e5
22. Ne4 Rab8 23. a4 h6 24. f3 f5 25. Nd2 Kh7 26. Rc1 Rc7 27. Nf1 Qc8 28. Ra2
Nf6 29. Nd2 Nxd5 30. Nf1 Nf6 31. Rd1 Rxc4 32. Rxd6 Rc3 33. Qd1 Qe8 34. a5 Rc6
35. axb6 axb6 36. Ra7 Rbc8 37. b5 Rxd6 38. Qxd6 Ng8 39. Qxb6 f4 40. Bc5 e4 41.
fxe4 Qxe4 42. Rc7 Rxc7 43. Qxc7 Nf6 44. b6 Nd5 45. Qf7 Ne3 46. Nxe3 fxe3 47.
Bf8 Qb1+ 48. Kh2 Qb2 49. Qxg7+ Qxg7 50. Bxg7 Kxg7 51. Kg3 1-0

[Event "Copenhagen Chess Challenge 2014"]
[Site "Ballerup"]
[Date "2014.05.18"]
[Round "9"]
[White "Lauritsen, Martin Lee"]
[Black "Nielsen, Viktor"]
[Result "1-0"]
[WhiteElo "2141"]
[BlackElo "2029"]
[PlyCount "119"]
[EventDate "2014.??.??"]
[EventType "swiss"]
[EventRounds "9"]
[EventCountry "DEN"]

1. e4 e5 2. Nc3 Nf6 3. f4 d5 4. fxe5 Nxe4 5. d3 Nxc3 6. bxc3 d4 7. Nf3 dxc3 8.
d4 Qd5 9. Bd3 c5 10. dxc5 Nc6 11. O-O Bxc5+ 12. Kh1 Bg4 13. Bf4 Rd8 14. Qe1 O-O
15. Bxh7+ Kxh7 16. Qh4+ Kg8 17. Qxg4 Qe6 18. Qh4 Qg6 19. Bg5 Rde8 20. Rae1 Be7
21. Bxe7 Rxe7 22. Re4 Rfe8 23. Rfe1 Qf5 24. Qg3 f6 25. Rf4 Qh7 26. exf6 Rxe1+
27. Nxe1 Rf8 28. h3 Qh6 29. f7+ Rxf7 30. Rxf7 Kxf7 31. Qxc3 Qf4 32. Nd3 Qc7 33.
Qc4+ Kf8 34. a4 Qd6 35. Qe4 Qf6 36. Kh2 Qd6+ 37. g3 Qe7 38. Qf5+ Kg8 39. Nf4
Qd8 40. h4 Nd4 41. Qe4 Nc6 42. h5 Qd2+ 43. Kh3 Qd7+ 44. g4 Qd1 45. Qe6+ Kh7 46.
Qf5+ Kg8 47. Qe6+ Kh7 48. Qe4+ Kg8 49. Kh4 Qd8+ 50. g5 Kh8 51. c3 Kg8 52. Nd5
Qd6 53. Nf4 Qd8 54. h6 Qc7 55. Qe6+ Kh7 56. Qf5+ Kg8 57. h7+ Kh8 58. Qf8+ Kxh7
59. g6+ Kh6 60. Qh8# 1-0

[Event "Copenhagen Chess Challenge 2014"]
[Site "Ballerup"]
[Date "2014.05.18"]
[Round "9"]
[White "Molvig, Julius"]
[Black "Larsen, Tor Ketil"]
[Result "0-1"]
[WhiteElo "1899"]
[BlackElo "2004"]
[PlyCount "120"]
[EventDate "2014.??.??"]
[EventType "swiss"]
[EventRounds "9"]
[EventCountry "DEN"]

1. d4 Nf6 2. c4 c5 3. d5 b5 4. cxb5 a6 5. bxa6 g6 6. Nc3 Bxa6 7. Nf3 d6 8. g3
Nbd7 9. Bg2 Nb6 10. b3 Bg7 11. Rb1 Bb7 12. e4 Ba6 13. Bf1 O-O 14. Bxa6 Rxa6 15.
Bb2 Ng4 16. Qe2 Qa8 17. a4 Qb7 18. O-O Nc8 19. Nd2 Ne5 20. f4 Nd7 21. Nc4 Bd4+
22. Kg2 e6 23. dxe6 fxe6 24. Rf3 Bxc3 25. Rxc3 d5 26. Nd2 d4 27. Rcc1 Nd6 28.
Kg1 Rfa8 29. Ba3 Rc6 30. e5 Nf5 31. Ne4 Rac8 32. g4 Ne3 33. Nd6 Rxd6 34. exd6
Qe4 35. Rf1 Rf8 36. Qf3 Rxf4 37. Qxe4 Rxe4 38. Rf3 Rxg4+ 39. Rg3 Rf4 40. Bb2
Nf5 41. Rg2 Nxd6 42. Rf2 Rg4+ 43. Kf1 e5 44. Rd1 Nf5 45. Ke2 e4 46. Bc1 d3+ 47.
Ke1 Ne5 48. a5 Nc6 49. a6 Nfd4 50. Rf6 Kg7 51. Rf1 Rg2 52. Rd2 Nc2+ 53. Kd1 Rg4
54. Bb2+ Kh6 55. Rxc2 dxc2+ 56. Kxc2 Nb4+ 57. Kc3 Nxa6 58. Bc1+ Kg7 59. Kc4 Nb4
60. Be3 Nd3 0-1

[Event "Copenhagen Chess Challenge 2014"]
[Site "Ballerup"]
[Date "2014.05.18"]
[Round "9"]
[White "Mueller, Reinhold"]
[Black "Murtuzov, Rauf Mubariz"]
[Result "1-0"]
[WhiteElo "2282"]
[BlackElo "2079"]
[PlyCount "83"]
[EventDate "2014.??.??"]
[EventType "swiss"]
[EventRounds "9"]
[EventCountry "DEN"]

1. d4 Nf6 2. c4 g6 3. Nc3 Bg7 4. e4 d6 5. f4 O-O 6. Nf3 c5 7. d5 e6 8. Be2 exd5
9. cxd5 Bg4 10. O-O Nbd7 11. Nd2 Bxe2 12. Qxe2 Qe7 13. Qf3 a6 14. a4 Rfe8 15.
Re1 Nb6 16. Re2 Nfd7 17. Kf1 Qh4 18. Qg3 Qe7 19. Qf3 Qh4 20. g3 Qh3+ 21. Kg1
Nf6 22. a5 Nc8 23. Nc4 Ng4 24. Qg2 Bd4+ 25. Kh1 Qxg2+ 26. Kxg2 f5 27. e5 dxe5
28. fxe5 Na7 29. Bf4 h6 30. h3 g5 31. hxg4 gxf4 32. gxf5 fxg3 33. d6 Nc6 34. e6
Bxc3 35. bxc3 Kg7 36. d7 Re7 37. Nb6 Rd8 38. Nd5 Rf8 39. Nxe7 Nxe7 40. f6+ Kxf6
41. Rf1+ Nf5 42. e7 1-0

[Event "Copenhagen Chess Challenge 2014"]
[Site "Ballerup"]
[Date "2014.05.18"]
[Round "9"]
[White "Nielsen, Thomas (1994)"]
[Black "Krull, Carl"]
[Result "0-1"]
[WhiteElo "1600"]
[BlackElo "1789"]
[PlyCount "96"]
[EventDate "2014.??.??"]
[EventType "swiss"]
[EventRounds "9"]
[EventCountry "DEN"]

1. d4 Nf6 2. c4 e5 3. Bg5 Bb4+ 4. Nc3 exd4 5. Qxd4 Be7 6. Ne4 Nc6 7. Qe3 Nxe4
8. Qxe4 O-O 9. Bxe7 Nxe7 10. Nf3 c6 11. e3 Qa5+ 12. Nd2 Ng6 13. Be2 d6 14. Rd1
Qxa2 15. Qd4 Qa5 16. O-O Be6 17. Qxd6 Rfd8 18. Qa3 Qxa3 19. bxa3 c5 20. Ne4 b6
21. Rd6 Ne5 22. Rfd1 Rxd6 23. Nxd6 Rd8 24. f4 Nxc4 25. Bxc4 Bxc4 26. e4 Ba6 27.
e5 Kf8 28. Kf2 g6 29. Rc1 Ke7 30. Ke3 h5 31. a4 Bc8 32. a5 Bd7 33. g3 h4 34.
axb6 axb6 35. Rb1 hxg3 36. hxg3 Rb8 37. Ra1 f6 38. Rh1 fxe5 39. fxe5 Ke6 40.
Rh6 Rg8 41. Nc4 b5 42. Nb6 Bc6 43. Kf4 c4 44. g4 c3 45. Rh3 Rb8 46. Rxc3 Rxb6
47. Kg5 b4 48. Re3 b3 0-1

[Event "Copenhagen Chess Challenge 2014"]
[Site "Ballerup"]
[Date "2014.05.18"]
[Round "9"]
[White "Nordenbaek, Jan"]
[Black "Karlsson, Robin"]
[Result "1/2-1/2"]
[WhiteElo "2248"]
[BlackElo "2008"]
[PlyCount "57"]
[EventDate "2014.??.??"]
[EventType "swiss"]
[EventRounds "9"]
[EventCountry "DEN"]

1. e4 c5 2. Nf3 Nc6 3. Bb5 g6 4. Bxc6 dxc6 5. h3 Bg7 6. O-O Nf6 7. d3 Qc7 8. a4
a5 9. Na3 O-O 10. Be3 b6 11. c3 Rd8 12. Qc2 Ba6 13. Rfd1 e5 14. Rac1 Re8 15. b3
h6 16. d4 exd4 17. cxd4 Nxe4 18. dxc5 bxc5 19. Nc4 Nc3 20. Rd3 Bxc4 21. bxc4
Ne4 22. Nd2 Rab8 23. Nxe4 Rb2 24. Qd1 Rxe4 25. Rd8+ Bf8 26. Bxc5 Re1+ 27. Qxe1
Qxd8 28. Bxf8 Kxf8 29. Rd1 1/2-1/2

[Event "Copenhagen Chess Challenge 2014"]
[Site "Ballerup"]
[Date "2014.05.18"]
[Round "9"]
[White "Nyland, Thomas"]
[Black "Karlsson, Ulf"]
[Result "1-0"]
[WhiteElo "2043"]
[BlackElo "1959"]
[PlyCount "59"]
[EventDate "2014.??.??"]
[EventType "swiss"]
[EventRounds "9"]
[EventCountry "DEN"]

1. e4 c5 2. Nf3 Nc6 3. d4 cxd4 4. Nxd4 e5 5. Nb5 d6 6. Bc4 Nf6 7. Bg5 Be7 8.
Bxf6 gxf6 9. Qh5 O-O 10. Nd2 a6 11. Nc3 Nd4 12. O-O-O Be6 13. Bxe6 fxe6 14. Nf3
Nxf3 15. gxf3 f5 16. Rhg1+ Kh8 17. Qh6 Bf6 18. exf5 exf5 19. Nd5 Rf7 20. Nxf6
Qxf6 21. Rxd6 Qxh6+ 22. Rxh6 Re8 23. Rgg6 e4 24. Rf6 Rd7 25. Rxf5 exf3 26. b3
Re2 27. Rxf3 Rdd2 28. Rc3 Rxf2 29. Rc7 Rxh2 30. Rcxh7+ 1-0

[Event "Copenhagen Chess Challenge 2014"]
[Site "Ballerup"]
[Date "2014.05.18"]
[Round "9"]
[White "Brondt, Nicolai Kvist"]
[Black "Korley, Kassa"]
[Result "1/2-1/2"]
[WhiteElo "2200"]
[BlackElo "2390"]
[PlyCount "123"]
[EventDate "2014.??.??"]
[EventType "swiss"]
[EventRounds "9"]
[EventCountry "DEN"]

1. d4 Nf6 2. Nf3 e6 3. g3 d5 4. Bg2 Be7 5. O-O O-O 6. c4 dxc4 7. Ne5 c5 8. dxc5
Qc7 9. Nxc4 Qxc5 10. Qb3 Nc6 11. Be3 Qh5 12. Nc3 Ng4 13. h3 Nxe3 14. Nxe3 Bc5
15. g4 Qh6 16. Ne4 Bb6 17. Nc4 Bc7 18. Ncd6 Bb6 19. e3 Rb8 20. Rfd1 Qh4 21.
Nxc8 Rfxc8 22. Nd6 Rc7 23. Qb5 h5 24. Bxc6 Rxc6 25. Qxh5 Qxh5 26. gxh5 Rc2 27.
b3 Kf8 28. Nc4 Ke7 29. Nxb6 axb6 30. Rac1 Rc6 31. Rxc6 bxc6 32. Rd4 Rh8 33. Rb4
b5 34. Rh4 f5 35. Kg2 g5 36. Rb4 Rxh5 37. a4 bxa4 38. bxa4 Kd6 39. a5 Rh7 40.
a6 Ra7 41. Ra4 e5 42. Ra1 c5 43. Kf3 e4+ 44. Kg3 c4 45. h4 gxh4+ 46. Kxh4 Kc5
47. Kg5 c3 48. Kxf5 Kc4 49. Kxe4 c2 50. f4 Re7+ 51. Kf5 Kd3 52. Ra3+ Kd2 53.
Ra2 Rxe3 54. Kg5 Rg3+ 55. Kh6 Ra3 56. Rxc2+ Kxc2 57. f5 Rxa6+ 58. Kg7 Ra7+ 59.
Kg8 Kd3 60. f6 Ke4 61. f7 Rxf7 62. Kxf7 1/2-1/2

[Event "Copenhagen Chess Challenge 2014"]
[Site "Ballerup"]
[Date "2014.05.18"]
[Round "9"]
[White "Petrovski, Petruli"]
[Black "Johansen, Johnny Holler"]
[Result "0-1"]
[WhiteElo "1866"]
[BlackElo "1949"]
[PlyCount "92"]
[EventDate "2014.??.??"]
[EventType "swiss"]
[EventRounds "9"]
[EventCountry "DEN"]

1. Nf3 Nf6 2. c4 c5 3. d4 cxd4 4. Nxd4 e5 5. Nc2 d5 6. cxd5 Qxd5 7. Qxd5 Nxd5
8. e4 Nb6 9. Nc3 Nc6 10. Bb5 Bd7 11. Be3 Nb4 12. Bxd7+ Nxd7 13. O-O-O Nxc2 14.
Kxc2 Rc8 15. Rd5 Bc5 16. Rhd1 Bxe3 17. Rxd7 Bxf2 18. Rxb7 Bd4 19. Kb1 O-O 20.
Nd5 Rb8 21. Rxb8 Rxb8 22. b3 Kf8 23. Rc1 Rd8 24. Rc4 f5 25. Nc7 Kf7 26. exf5
Bg1 27. Ne6 Rd2 28. Ng5+ Ke8 29. Nxh7 Rxg2 30. h4 Bd4 31. f6 gxf6 32. Nxf6+ Kf7
33. Ne4 Rb2+ 34. Kc1 Rxa2 35. Nc5 Rh2 36. h5 Rxh5 37. Kc2 Rh3 38. b4 Ke7 39.
Ne4 Kd7 40. b5 Rf3 41. Nd2 Rh3 42. Nb3 Bb6 43. Nd2 Kd6 44. Rc8 Kd5 45. Nb3 Rh2+
46. Nd2 Ba5 0-1

[Event "Copenhagen Chess Challenge 2014"]
[Site "Ballerup"]
[Date "2014.05.18"]
[Round "9"]
[White "Quernheim, Daniel"]
[Black "Andersen, Daniel"]
[Result "1/2-1/2"]
[WhiteElo "2032"]
[BlackElo "1940"]
[PlyCount "62"]
[EventDate "2014.??.??"]
[EventType "swiss"]
[EventRounds "9"]
[EventCountry "DEN"]

1. d4 Nf6 2. c4 g6 3. Nc3 d5 4. Bf4 Bg7 5. e3 c5 6. dxc5 Qa5 7. cxd5 Ne4 8. Rc1
Nxc3 9. Qd2 Qxa2 10. bxc3 Qa5 11. e4 Qxc5 12. Be3 Qa3 13. Nf3 O-O 14. Nd4 Nd7
15. Bd3 Ne5 16. O-O Bd7 17. Nb5 Bxb5 18. Bxb5 a6 19. Be2 b5 20. Ra1 Qd6 21. f4
Nd7 22. e5 Qc7 23. Bf3 Rac8 24. Rfc1 Nc5 25. Bxc5 Qxc5+ 26. Qf2 f6 27. Qxc5
Rxc5 28. Rxa6 fxe5 29. fxe5 Bxe5 30. Rc6 Rc8 31. Rb1 Bxc3 1/2-1/2

[Event "Copenhagen Chess Challenge 2014"]
[Site "Ballerup"]
[Date "2014.05.18"]
[Round "9"]
[White "Rosenkilde, Alexander"]
[Black "Skovgaard, Ib"]
[Result "1-0"]
[WhiteElo "2271"]
[BlackElo "2041"]
[PlyCount "73"]
[EventDate "2014.??.??"]
[EventType "swiss"]
[EventRounds "9"]
[EventCountry "DEN"]

1. d4 d5 2. c4 c6 3. Nf3 Nf6 4. e3 e6 5. b3 Nbd7 6. Bd3 g5 7. O-O g4 8. Ne5
Nxe5 9. dxe5 dxc4 10. bxc4 Nd7 11. Bb2 Nc5 12. Bc2 Qxd1 13. Rxd1 b6 14. Nd2 Ba6
15. a4 O-O-O 16. a5 Kb7 17. axb6 axb6 18. Bd4 h5 19. Rdb1 Nd7 20. Ra4 Be7 21.
Be4 Ra8 22. Rba1 Rhc8 23. Nb3 f5 24. exf6 Nxf6 25. Bg6 Rf8 26. Rb1 h4 27. Na5+
Kc7 28. Bxb6+ Kc8 29. Nxc6 Bd6 30. Na7+ Kd7 31. Rxa6 Rfb8 32. c5 Nd5 33. Be4
Nc7 34. Bc6+ Ke7 35. cxd6+ Kxd6 36. Rd1+ Ke5 37. Bxc7+ 1-0